| 000 | 00693nam a2200229 i 4500 | ||
|---|---|---|---|
| 001 | bg | ||
| 100 | 1 | _aSzafrański, Maciej. | |
| 245 | 0 |
_aSkuteczność działań w systemach zarządzania jakością przedsiębiorstw : _bbadania i ocena / _cMaciej Szafrański. |
|
| 260 |
_aPoznań : _bWydawnictwo Politechniki Poznańskiej, _c2006. |
||
| 300 |
_a166, [1] s. : _bwykr. ; _c21 cm. |
||
| 504 | _aBibliogr. | ||
| 650 | 9 |
_aPrzedsiębiorstwo _xorganizacja |
|
| 650 | 9 | _aZarządzanie jakością | |
| 020 | _a8371432313 | ||
| 040 | _cBPK | ||
| 041 | 0 | _apol | |
| 044 | _apol | ||
| 080 | _a005.6:658.56 | ||
| 920 | _a83-7143-231-3 | ||
| 942 | _cKS | ||
| 008 | s pl f |000 0 pol | ||
| 999 |
_c54034 _d54034 |
||
| 856 |
_uhttp://koha.tu.koszalin.pl/cgi-bin/koha/opac-detail.pl?biblionumber=54034 _yKatalog online BPK |
||